000 00602nam a2200205Ia 4500
005 20250923150255.0
008 008 250917s9999 xx 000 0 eng d
037 _aTextual
040 _aDSWL
_beng
_cDSWL
041 _aeng
_2eng
084 _aY:45N(Q7).49G, P8
_qDSWL
100 _aJalal, Ayesha
_9844178
245 0 _aPartisons of Allah : Jihad in South Asia
_cby Ayesha Jalal
260 _aRanikhet
_bParmanent Black India
_c2008
300 _a373 p.
365 _aINR
_b395 . 0
925 _g395 . 0
942 _cTEXL
_hY:45N(Q7).49G, P8
999 _c1461563
_d1461563